000 01036nas a2200325 4500
001 BR9501906
003 BR-BrBNA
005 20231205094311.0
007 ta
008 230509b bl.|||p| |||| 00| 00por d
040 _aBR-BrBNA
_bpor
_cBiblioteca Nacional de Agricultura
041 _a(Pt)
072 _aL70
100 1 _aNatalini, C.C.
100 1 _aCampello, R.A.V.
100 1 _aAzevedo, J.S.C.
100 1 _aFratocchi, C.L.G.
100 1 _aKoeche, C.P.
100 1 _aPedrini, C.A.M.
100 1 _aWorm, B.
100 1 _aKosachenco, B.G.
245 1 _aEmprego da acepromazina, levomepromazina e xilazina como medicacao pre-anestesica em caninos anestesiados com a associacao tiletamina-zolazepam
650 _aCao
650 _aAnestesia
650 _aCirurgia
650 _aVeterinaria
773 0 _tArquivos da Faculdade de Veterinaria da Universidade do Rio Grande do Sul (Brazil)
_xISSN 01101-5230
_g(1991), v. 19 p. 67-75
_wBR9501906
909 _a202311
_bLúcia
_c55
_dLúcia Elande
942 _2AGRIS
_n0
_cANA
999 _c143423
_d143423